|
|
|
|
| LEADER |
00886nam a2200253 4500 |
| 001 |
c000061625 |
| 003 |
CARM |
| 005 |
00000000000000.0 |
| 008 |
710726s1971 nju b 00100 eng |
| 019 |
1 |
|
|a 535728
|5 LACONCORD2021
|
| 020 |
|
|
|a 0691075395
|
| 035 |
|
|
|a (OCoLC)152937
|5 LACONCORD2021
|
| 043 |
|
|
|a n-us---
|
| 050 |
0 |
0 |
|a KF4541
|b .Z9G3
|
| 100 |
1 |
|
|a Garvey, Gerald,
|d 1935-
|
| 245 |
1 |
0 |
|a Constitutional bricolage.
|
| 260 |
|
|
|a Princeton, N.J.,
|b Princeton University Press,
|c 1971.
|
| 300 |
|
|
|a 160 p.
|c 23 cm.
|
| 504 |
|
|
|a Includes bibliographical references.
|
| 651 |
|
0 |
|a United States
|x Constitutional history.
|
| 852 |
8 |
|
|b CARM
|h A2:AE35B0
|i B00097
|p 0007017
|f BK
|
| 082 |
0 |
4 |
|a 342/.73/029
|
| 999 |
f |
f |
|i 86cf7f8f-b463-5af5-afdd-e07333213134
|s 04140bda-ff62-5e25-81a3-5a9ae68fe063
|
| 952 |
f |
f |
|p Can circulate
|a CAVAL
|b CAVAL
|c CAVAL
|d CARM 1 Store
|e B00097
|f A2:AE35B0
|h Other scheme
|i book
|m 0007017
|